000 00973nam a2200229 a 4500
020 _a0486210928
040 _c917 DPC 1972 C147 Or.
041 1 _hlat
082 _a917 DPC 1972 C147 Or.
100 1 _aHarriot, Thomas,
245 1 2 _aA briefe and true report of the new found land of Virginia /
260 _aNew York :
_bDover Publications,
_cc1972.
300 _axv, 91 p. :
_bill. ;
_c31 cm.
490 1 _aRosenwald Collection reprint series ;
500 _a"The true pictures and fashions of the people in that parte of America now called Virginia ... Translated out of Latin into English by Richard Hacklvit. Diligentlye collected and draowne by Ihon White ... now cutt in copper and first published by Theodore de Bry att his wone chardges": p. [35]-74.
500 _a"Som picture[s] of the Pictes": p. 75-[85]
500 _aIncludes index.
650 0 _aIndians of North America
700 1 2 _aWhite, John,
700 1 _aBry, Theodor de,
942 _cAEDBB
999 _c18543
_d18543